Epidemiología básica

Enregistré dans:
Détails bibliographiques
Auteurs principaux: Bonita, Ruth (Auteur), Beaglehole, Robert (Auteur), Kjellström, Tord (Auteur)
Format: Livre
Langue:espagnol
Publié: Washington, D.C Organización Panamericana de la Salud 2008
Édition:2a. ed
Collection:Publicación Científica y Técnica, 629
Sujets:
Tags: Ajouter un tag
Pas de tags, Soyez le premier à ajouter un tag!

MARC

LEADER 00000nam a2200000 a 4500
001 UCI9093
003 CL-VaPUC
008 081024e20080000US |||||||||||||||||spa|d
020 |a 9789275316290 
082 0 4 |a 614.4  |b BON  |2 21 
100 0 |a Bonita, Ruth  |e author  |9 532736 
700 0 |a Beaglehole, Robert  |e author  |9 532737 
700 0 |a Kjellström, Tord  |e author  |9 532738 
245 1 0 |a Epidemiología básica 
250 |a 2a. ed 
300 |a 269 p 
942 |c BK 
945 |d 20081024 00:00:00  |a rbrito 
260 |a Washington, D.C  |b Organización Panamericana de la Salud  |c 2008 
650 0 |a Epidemiología   |9 271159 
650 7 |a ENFERMEDADES TRANSMISIBLES  |2 CL-VaPUC  |9 271158 
650 0 |a Salud pública  |9 258913 
650 7 |a MORTALIDAD  |2 CL-VaPUC  |9 341601 
650 0 |a Bioestadística  |9 261187 
650 7 |a POLITICA SANITARIA  |2 CL-VaPUC  |9 364998 
583 |a last modification  |c 20081024 00:00:00  |k Rodrigo Vera 
490 0 |a Publicación Científica y Técnica, 629 
999 |c 331744  |d 331742 
952 |0 0  |1 0  |4 0  |6 614_400000000000000_BON_2008  |7 0  |8 A  |9 418815  |a BIBCUR  |b BIBCUR  |d 2019-11-22  |i 4492714  |o 614.4 BON 2008  |p 4492714  |r 2025-04-22  |w 2019-11-22  |y BK  |k KIN